[Event "Niedersachsen-ch U14"]
[Site "Rotenburg"]
[Date "2009.04.06"]
[Round "4"]
[White "Wellnitz, Torben"]
[Black "Michalik, Marina"]
[Result "1/2-1/2"]
[WhiteElo "1333"]
[BlackElo "1257"]
[PlyCount "113"]
[EventDate "2009.04.04"]
[EventType "swiss"]
[EventRounds "9"]
[EventCountry "GER"]
[SourceTitle "EXT 2010"]
[Source "ChessBase"]
[SourceDate "2010.11.25"]
[SourceVersion "1"]
[SourceVersionDate "2010.11.25"]
[SourceQuality "1"]

1. e4 e5 2. Nf3 Nf6 3. Nc3 Nc6 4. Bc4 Bc5 5. d3 0-0 6. Bg5 h6 7. Bh4 d6 8. h3 Be6 9. Nd5 Bxd5 10. Bxd5 Qe7 11. Nh2 g5 12. Bxc6 bxc6 13. Bg3 Rab8 14. Rb1 Nd7 15. 0-0 f5 16. exf5 Rxf5 17. Ng4 Kh7 18. Kh1 Qf7 19. f3 Qxa2 20. b3 Qa6 21. Qe2 Kg7 22. Bf2 Bxf2 23. Nxf2 Rff8 24. Ra1 Qb6 25. Ra2 Nf6 26. Rfa1 Ra8 27. Ne4 Nh5 28. Qd2 Nf4 29. Ra6 Qd4 30. R1a4 Qb2 31. Rxa7 Rxa7 32. Rxa7 Rf7 33. Kh2 Ne6 34. Ra6 Nd4 35. c3 Qxd2 36. Nxd2 Ne6 37. Rxc6 Nc5 38. d4 exd4 39. cxd4 Ne6 40. Rc4 Rf4 41. d5 Rxc4 42. bxc4 Nc5 43. Kg3 Kg6 44. f4 Kf5 45. fxg5 Kxg5 46. Kf3 Kf5 47. g4+ Kg5 48. Kg3 h5 49. Nf3+ Kg6 50. gxh5+ Kxh5 51. Nd4 Ne4+ 52. Kh2 Nd2 53. Ne6 Nxc4 54. Nxc7 Ne3 55. Kg3 Nf5+ 56. Kf4 Ne7 57. Ke4 1/2-1/2

[Event "Niedersachsen-ch op"]
[Site "Verden"]
[Date "2009.01.05"]
[Round "5"]
[White "Michalik, Marina"]
[Black "Boehning, Kilian"]
[Result "0-1"]
[WhiteElo "1367"]
[BlackElo "1048"]
[PlyCount "86"]
[EventDate "2009.01.03"]
[EventType "swiss"]
[EventRounds "7"]
[EventCountry "GER"]
[SourceTitle "EXT 2012"]
[Source "ChessBase"]
[SourceDate "2011.11.24"]
[SourceVersion "1"]
[SourceVersionDate "2011.11.24"]
[SourceQuality "1"]

1. e4 e5 2. Nf3 Nc6 3. d4 d6 4. dxe5 dxe5 5. Qxd8+ Kxd8 6. Bb5 f6 7. Be3 Bg4 8. Nc3 Bb4 9. 0-0-0+ Ke8 10. Rd3 a6 11. Ba4 b5 12. Bb3 Nge7 13. Nd5 Rc8 14. Rhd1 Bd6 15. c4 bxc4 16. Bxc4 a5 17. Rb3 a4 18. Rc3 Bd7 19. Ng1 Ra8 20. Ne2 a3 21. b3 Nb4 22. Kb1 Bc6 23. f4 Ra5 24. Nxb4 Bxb4 25. Rcd3 Bxe4 26. fxe5 Bxd3+ 27. Rxd3 Rxe5 28. Ng3 c5 29. Kc2 Ng6 30. Bd2 Bxd2 31. Rxd2 Ke7 32. Bb5 Rd8 33. Rf2 Kf8 34. Kc3 Ne7 35. b4 Nd5+ 36. Kb3 cxb4 37. Bc4 Rb8 38. Rd2 Nc3 39. Rd7 Re7 40. Rd3 Ke8 41. Nf5 Re2 42. Bd5 Nxa2 43. Rd4 Nc1+ 0-1

[Event "Niedersachsen-ch op"]
[Site "Verden"]
[Date "2009.01.03"]
[Round "2"]
[White "Kuenitz, Bernhard"]
[Black "Michalik, Marina"]
[Result "1-0"]
[WhiteElo "1830"]
[BlackElo "1367"]
[PlyCount "69"]
[EventDate "2009.01.03"]
[EventType "swiss"]
[EventRounds "7"]
[EventCountry "GER"]
[SourceTitle "EXT 2012"]
[Source "ChessBase"]
[SourceDate "2011.11.24"]
[SourceVersion "1"]
[SourceVersionDate "2011.11.24"]
[SourceQuality "1"]

1. c4 e5 2. Nc3 Nc6 3. g3 Be7 4. Bg2 d6 5. d3 Be6 6. Nf3 f5 7. Nd5 Bf8 8. Ng5 Bxd5 9. Bxd5 Nh6 10. Ne6 Qd7 11. Bxh6 gxh6 12. e4 fxe4 13. Qh5+ Ke7 14. dxe4 Rb8 15. 0-0 Nb4 16. f4 Qe8 17. Qxe8+ Kxe8 18. Nxc7+ Kd7 19. Ne6 Be7 20. fxe5 dxe5 21. Rf7 Ke8 22. Ng7+ Kd8 23. Rd1 Bc5+ 24. Kg2 Bd4 25. Be6 Nc6 26. Rd7+ Kc8 27. R7xd4+ Kc7 28. Rd7+ Kb6 29. Nf5 a6 30. Bd5 Rhf8 31. a3 Rbc8 32. b4 Ka7 33. Nd6 Rcd8 34. Rxb7+ Ka8 35. Bxc6 1-0

[Event "Niedersachsen-ch U12"]
[Site "Rotenburg"]
[Date "2008.03.16"]
[Round "2"]
[White "Michalik, Marina"]
[Black "Heitmann, Jannik"]
[Result "0-1"]
[WhiteElo "1188"]
[BlackElo "1411"]
[PlyCount "80"]
[EventDate "2008.03.15"]
[EventType "swiss"]
[EventRounds "11"]
[EventCountry "GER"]
[SourceTitle "EXT 2009"]
[Source "ChessBase"]
[SourceDate "2008.11.26"]
[SourceVersion "1"]
[SourceVersionDate "2008.11.26"]
[SourceQuality "1"]

1. e4 e5 2. Nf3 Nc6 3. d4 exd4 4. Nxd4 Bc5 5. Be3 Qf6 6. c3 Qg6 7. Nd2 Nf6 8. Qf3 0-0 9. Bd3 Ne5 10. Qe2 d5 11. f3 Re8 12. 0-0 Nxd3 13. Qxd3 dxe4 14. Qc4 Bh3 15. Rf2 Bd6 16. fxe4 Nxe4 17. Nxe4 Rxe4 18. Bd2 c5 19. Qd5 cxd4 20. Qxb7 Rae8 21. Raf1 R4e7 22. Qf3 Bg4 23. Qd5 dxc3 24. Bxc3 Be6 25. Qa5 Rc8 26. Qa4 Bc5 27. Bd4 Bxd4 28. Qxd4 Rd7 29. Qa4 Rcd8 30. a3 h6 31. b4 Rd2 32. Qxa7 Rxf2 33. Kxf2 Qe4 34. Qe3 Qc2+ 35. Kg1 Rd3 36. Qa7 Bd5 37. Qf2 Rd2 38. Qxd2 Qxd2 39. Rf2 Qc1+ 40. Rf1 Qxa3 0-1

[Event "Niedersachsen-ch"]
[Site "Verden"]
[Date "2008.01.06"]
[Round "7"]
[White "Weis, Hans Juergen"]
[Black "Michalik, Marina"]
[Result "1/2-1/2"]
[WhiteElo "1340"]
[BlackElo "1083"]
[PlyCount "62"]
[EventDate "2008.01.03"]
[EventType "swiss"]
[EventRounds "7"]
[EventCountry "GER"]
[SourceTitle "EXT 2010"]
[Source "ChessBase"]
[SourceDate "2010.11.25"]
[SourceVersion "1"]
[SourceVersionDate "2010.11.25"]
[SourceQuality "1"]

1. d4 d5 2. c4 c6 3. e3 Nf6 4. Nc3 e6 5. Nf3 Nbd7 6. Be2 Bd6 7. 0-0 0-0 8. a3 Re8 9. Re1 Bc7 10. c5 e5 11. dxe5 Nxe5 12. Nxe5 Bxe5 13. Qc2 Qc7 14. f4 Bxc3 15. Qxc3 Bf5 16. Bd3 Ne4 17. Qc2 Qe7 18. Bd2 Bg6 19. b4 f5 20. Bc1 Qd7 21. Bb2 Rf8 22. Bd4 Rae8 23. Rab1 Rb8 24. Be5 Rbc8 25. a4 Rf7 26. Rbc1 Qd8 27. g3 b6 28. Ba6 Ra8 29. cxb6 axb6 30. b5 c5 31. Qb2 Raa7 1/2-1/2

[Event "Niedersachsen-ch"]
[Site "Verden"]
[Date "2008.01.05"]
[Round "5"]
[White "Suendorf, Dominik"]
[Black "Michalik, Marina"]
[Result "1/2-1/2"]
[WhiteElo "1416"]
[BlackElo "1083"]
[PlyCount "88"]
[EventDate "2008.01.03"]
[EventType "swiss"]
[EventRounds "7"]
[EventCountry "GER"]
[SourceTitle "EXT 2010"]
[Source "ChessBase"]
[SourceDate "2010.11.25"]
[SourceVersion "1"]
[SourceVersionDate "2010.11.25"]
[SourceQuality "1"]

1. e4 e5 2. Nf3 Nc6 3. Bb5 Nf6 4. 0-0 d6 5. Re1 Be7 6. h3 0-0 7. c3 a6 8. Ba4 b5 9. Bc2 Bb7 10. a3 Re8 11. d4 exd4 12. Nxd4 Nxd4 13. cxd4 d5 14. e5 Nd7 15. Qg4 g6 16. f4 Nf8 17. f5 Bc8 18. Bh6 Kh8 19. e6 Bf6 20. fxg6 fxg6 21. Bxf8 Rxf8 22. Nc3 Qd6 23. Bb3 c6 24. Kh1 Re8 25. Rf1 Rxe6 26. Rad1 Re3 27. Qf4 Qxf4 28. Rxf4 Bg7 29. Rf7 Rb8 30. Rc7 Bb7 31. Kg1 a5 32. Kf2 Bh6 33. Bc2 Bf4 34. Rf7 Bh6 35. Ne2 Kg8 36. Rc7 Re6 37. Ng1 Ba6 38. Nf3 Bf4 39. Ne5 Bxe5 40. dxe5 Rxe5 41. Rxc6 Rbe8 42. Rd2 R8e6 43. Rxe6 Rxe6 44. Rxd5 Kf8 1/2-1/2

[Event "Niedersachsen-ch"]
[Site "Verden"]
[Date "2008.01.03"]
[Round "2"]
[White "Michalik, Marina"]
[Black "Elborg, Cornelia"]
[Result "1-0"]
[WhiteElo "1083"]
[BlackElo "1580"]
[PlyCount "69"]
[EventDate "2008.01.03"]
[EventType "swiss"]
[EventRounds "7"]
[EventCountry "GER"]
[SourceTitle "EXT 2010"]
[Source "ChessBase"]
[SourceDate "2010.11.25"]
[SourceVersion "1"]
[SourceVersionDate "2010.11.25"]
[SourceQuality "1"]

1. e4 c5 2. d3 Nc6 3. Ne2 e5 4. c4 d6 5. g3 Bg4 6. Bg2 Nd4 7. Nbc3 Nf6 8. 0-0 Nxe2+ 9. Nxe2 Be7 10. h3 Bh5 11. Be3 Qb6 12. Qd2 a6 13. Kh2 Qc6 14. f4 Nd7 15. g4 exf4 16. Nxf4 Bg6 17. Nd5 Bd8 18. e5 Nxe5 19. Nf6+ Bxf6 20. Bxc6+ bxc6 21. Bf4 Nxd3 22. Bxd6 Rd8 23. Qe2+ Kd7 24. Bg3 Rhe8 25. Qd2 Ke7 26. Qg2 Kf8 27. Rad1 Nxb2 28. Rxd8 Rxd8 29. Rxf6 Nxc4 30. Rf2 Na5 31. Bc7 Re8 32. Bxa5 c4 33. Qxc6 Bd3 34. Bb4+ Re7 35. Qc8# 1-0

[Event "Niedersachsen-ch"]
[Site "Verden"]
[Date "2008.01.03"]
[Round "1"]
[White "Vehmeyer, Thomas"]
[Black "Michalik, Marina"]
[Result "1-0"]
[WhiteElo "1949"]
[BlackElo "1083"]
[PlyCount "117"]
[EventDate "2008.01.03"]
[EventType "swiss"]
[EventRounds "7"]
[EventCountry "GER"]
[SourceTitle "EXT 2010"]
[Source "ChessBase"]
[SourceDate "2010.11.25"]
[SourceVersion "1"]
[SourceVersionDate "2010.11.25"]
[SourceQuality "1"]

1. e4 e5 2. d4 exd4 3. c3 dxc3 4. Bc4 Nc6 5. Nxc3 Bc5 6. Bxf7+ Kxf7 7. Qd5+ Ke8 8. Qxc5 d6 9. Qh5+ g6 10. Qe2 Nf6 11. Nf3 Bd7 12. Bg5 Ne5 13. Nxe5 dxe5 14. Nd5 Rf8 15. 0-0 Bc6 16. Nxf6+ Rxf6 17. Rad1 Qe7 18. Qg4 Qf7 19. Bxf6 Qxf6 20. f4 exf4 21. Rxf4 Qe7 22. Rdf1 Bd7 23. Rf8+ Qxf8 24. Rxf8+ Ke7 25. Qxd7+ Kxd7 26. Rxa8 a6 27. Rh8 h5 28. Rg8 Ke6 29. Rxg6+ Ke5 30. Rg7 Kxe4 31. Rxc7 Kd5 32. Rxb7 Kc4 33. Rh7 Kd3 34. Rxh5 Kc2 35. Ra5 Kxb2 36. Rxa6 Kc3 37. Rd6 Kc4 38. h4 Kc5 39. a4 Kxd6 40. h5 Ke7 41. a5 Kf7 42. a6 Ke6 43. a7 Ke5 44. a8Q Kd4 45. Qe8 Kd5 46. Kf2 Kd6 47. Kf3 Kd5 48. Kf4 Kd6 49. Kf5 Kc5 50. Qd8 Kc6 51. Ke6 Kc5 52. Qd5+ Kb4 53. Qc6 Kb3 54. Kd5 Kb4 55. Qc4+ Ka3 56. Qb5 Ka2 57. Kc4 Ka1 58. Kc3 Ka2 59. Qb2# 1-0

[Event "GER-ch U12"]
[Site "Willingen"]
[Date "2007.05.30"]
[Round "8"]
[White "Michalik, Marina"]
[Black "Lehmann, Patricia"]
[Result "0-1"]
[WhiteElo "1095"]
[BlackElo "1149"]
[PlyCount "142"]
[EventDate "2007.05.26"]
[EventType "swiss"]
[EventRounds "11"]
[EventCountry "GER"]
[SourceTitle "CBM 118 Extra"]
[Source "ChessBase"]
[SourceDate "2007.07.04"]
[SourceVersion "1"]
[SourceVersionDate "2007.07.04"]
[SourceQuality "1"]

1. e4 c5 2. Nc3 d6 3. g3 Nc6 4. Bg2 g6 5. f4 Bg7 6. d3 e6 7. Nf3 Nge7 8. Be3 0-0 9. 0-0 f5 10. Qd2 a6 11. h3 Nd4 12. Ne2 Nxe2+ 13. Qxe2 fxe4 14. dxe4 Bxb2 15. Rab1 Bg7 16. g4 Rb8 17. Rf2 Bd7 18. Rd1 Qc7 19. Nh4 Bf6 20. g5 Bg7 21. Bf3 Rf7 22. Ng2 Bc6 23. h4 b5 24. h5 Rd8 25. hxg6 Nxg6 26. Rff1 Qb7 27. Bxc5 Nxf4 28. Nxf4 Rxf4 29. Bxd6 Rf7 30. Bc5 Rxd1 31. Rxd1 Qb8 32. Rd6 Bb7 33. Rxe6 Qg3+ 34. Qg2 Qxf3 35. Qxf3 Rxf3 36. Re8+ Bf8 37. Bxf8 Rxf8 38. Re7 Bc6 39. Re6 Rc8 40. Re7 Rd8 41. Re6 Be8 42. Rxa6 Rd1+ 43. Kf2 Rd2+ 44. Ke3 Rxc2 45. Kf4 Rc4 46. Re6 Bg6 47. Ke3 Rc2 48. Rb6 Be8 49. Ra6 b4 50. Kf4 Rc6 51. Ra7 Rb6 52. Re7 Bf7 53. Kf5 Bg6+ 54. Kf4 Kf8 55. Ra7 Rc6 56. Ra5 Kf7 57. Rb5 Rc4 58. Rb7+ Ke6 59. Rb6+ Kd7 60. Rb7+ Kc6 61. Re7 Kc5 62. Rc7+ Kd4 63. Rxc4+ Kxc4 64. e5 Kd5 65. Ke3 Bb1 66. Kd2 Bxa2 67. Kc2 b3+ 68. Kb2 Kxe5 69. Ka3 Kf5 70. Kb2 Kxg5 71. Kc3 Kf4 0-1

[Event "Niedersachsen-ch U12"]
[Site "Rotenburg/Wuemme"]
[Date "2007.04.03"]
[Round "6"]
[White "Michalik, Marina"]
[Black "Stoeppel, Niklas"]
[Result "1/2-1/2"]
[WhiteElo "1161"]
[BlackElo "899"]
[PlyCount "52"]
[EventDate "2007.03.31"]
[EventType "swiss"]
[EventRounds "11"]
[EventCountry "GER"]
[SourceTitle "EXT 2008"]
[Source "ChessBase"]
[SourceDate "2007.11.25"]
[SourceVersion "1"]
[SourceVersionDate "2007.11.25"]
[SourceQuality "1"]

1. e4 c5 2. d3 Nc6 3. Nd2 g6 4. g3 Bg7 5. Bg2 e6 6. Ne2 Nge7 7. 0-0 0-0 8. f4 f5 9. c3 b6 10. Nf3 Bb7 11. Be3 Rb8 12. Qc2 Ba6 13. Rfe1 d5 14. e5 c4 15. dxc4 Bxc4 16. b3 Bxe2 17. Rxe2 Qc7 18. Qb2 Qb7 19. Rc1 Qa6 20. c4 dxc4 21. Rxc4 Rbc8 22. Rc1 Nd5 23. Rd1 Nxe3 24. Rxe3 Rfd8 25. Ree1 Rxd1 26. Rxd1 Rd8 1/2-1/2

[Event "GER-ch U10"]
[Site "Willingen"]
[Date "2006.06.05"]
[Round "4"]
[White "Pueschel, Torben"]
[Black "Michalik, Marina"]
[Result "1/2-1/2"]
[WhiteElo "937"]
[BlackElo "834"]
[PlyCount "112"]
[EventDate "2006.06.04"]
[EventType "swiss"]
[EventRounds "11"]
[EventCountry "GER"]
[SourceTitle "EXT 2007"]
[Source "ChessBase"]
[SourceDate "2006.11.23"]
[SourceVersion "1"]
[SourceVersionDate "2006.11.23"]
[SourceQuality "1"]

1. d4 d5 2. c4 c6 3. Nf3 e6 4. Bg5 Be7 5. Bxe7 Qxe7 6. Nc3 Nf6 7. e3 0-0 8. Bd3 Nbd7 9. 0-0 e5 10. Be2 exd4 11. Qxd4 Re8 12. cxd5 Nxd5 13. Nxd5 cxd5 14. Qxd5 Nb6 15. Qb3 Be6 16. Qb5 Bd7 17. Qg5 Qb4 18. b3 f6 19. Qh4 Qd6 20. Rad1 Qe7 21. Bd3 g6 22. Rd2 Rac8 23. Rfd1 Red8 24. Bc4+ Nxc4 25. bxc4 Kg7 26. h3 Qf7 27. Rd4 Rc7 28. g4 g5 29. Qg3 Rxc4 30. Rd6 Rc2 31. e4 Rc7 32. Rxf6 Qxf6 33. Qxc7 Qxf3 34. Rxd7+ Rxd7 35. Qxd7+ Qf7 36. Qd4+ Kg6 37. Qxa7 Qe6 38. Qxb7 Qxa2 39. e5 Qa1+ 40. Kg2 Qxe5 41. Qc6+ Kg7 42. Qd7+ Kg6 43. Qd8 Qe4+ 44. Kf1 Qh1+ 45. Ke2 Qxh3 46. Qd3+ Qxd3+ 47. Kxd3 h5 48. gxh5+ Kxh5 49. Ke3 Kg4 50. Ke4 Kh5 51. Kf3 Kg6 52. Kg4 Kf6 53. f3 Kg6 54. Kg3 Kf5 55. Kh3 Kg6 56. Kg4 Kf6 1/2-1/2

[Event "Niedersachsen-ch U10"]
[Site "Rotenburg/Wuemme"]
[Date "2006.04.13"]
[Round "7"]
[White "Michalik, Marina"]
[Black "Vonhoff, Nils"]
[Result "0-1"]
[WhiteElo "755"]
[BlackElo "807"]
[PlyCount "87"]
[EventDate "2006.04.08"]
[EventType "swiss"]
[EventRounds "11"]
[EventCountry "GER"]
[SourceTitle "EXT 2007"]
[Source "ChessBase"]
[SourceDate "2006.11.23"]
[SourceVersion "1"]
[SourceVersionDate "2006.11.23"]
[SourceQuality "1"]

1. e4 b6 2. Nc3 Bb7 3. Nf3 Nf6 4. d3 Nc6 5. Be2 d6 6. 0-0 e6 7. Bg5 Be7 8. a3 0-0 9. d4 h6 10. Bxf6 Bxf6 11. d5 Ne7 12. dxe6 fxe6 13. Re1 Bxc3 14. bxc3 Bxe4 15. Rb1 e5 16. Rb4 Bf5 17. Bc4+ d5 18. Be2 e4 19. Ne5 Qd6 20. Ng4 c5 21. Rb1 Nc6 22. c4 d4 23. Bf1 Qf4 24. h3 Bxg4 25. hxg4 Qxf2+ 26. Kh1 e3 27. Be2 Ne5 28. Rf1 Qh4+ 29. Kg1 Rxf1+ 30. Qxf1 Rf8 31. Qe1 Rf2 32. Rc1 Nxg4 33. Bxg4 Qxg4 34. Qxf2 exf2+ 35. Kxf2 Qf4+ 36. Ke2 Qxc1 37. Kf3 Qxc2 38. Kf4 d3 39. Kf5 d2+ 40. Ke5 Qxc4 41. Kd6 a5 42. Kc7 d1Q 43. Kc6 Qe4+ 44. Kc7 0-1